000 00745nam a2200229Ia 4500
001 16760
003 GE_BSU
008 181216s||||||||xx |||||||||||||| ||und||
040 _cGE_BSU
080 _a821.353.1-311.6
100 _aბარნოვი, ვასილ (1856-1934)
245 _aტრფობა წამებული
245 _bისტორიული რომანი
245 _cრედ.ზ.ფირცხალაიშვილი
260 _aბათუმი
260 _bსაბჭ. აჭარა
260 _c1984
300 _a311გვ. ; 20სმ
653 _aისტორიული რომანი
653 _aტრფობა წამებული
942 _cBK
999 _c49825
_d49825